English Ka Divyastra: (Record no. 213461)

MARC details
000 -LEADER
fixed length control field 00619nam a22001937a 4500
005 - DATE AND TIME OF LATEST TRANSACTION
control field 20260318121529.0
010 ## - LCCN (DPL NO)
LC control number ENG-146856 ENG-147917
020 ## - INTERNATIONAL STANDARD BOOK NUMBER
International Standard Book Number 9789369586622
Terms of availability 350.00
035 ## - SYSTEM CONTROL NUMBER
System control number EN-130388
035 ## - SYSTEM CONTROL NUMBER
System control number EN-131449
037 ## - SOURCE OF ACQUISITION
Source of stock number/acquisition DBAD
082 ## - DEWEY DECIMAL CLASSIFICATION NUMBER
Edition number 1
Classification number 000
100 ## - MAIN ENTRY--PERSONAL NAME
Personal name Dharmendra Sir
245 ## - TITLE STATEMENT
Title English Ka Divyastra:
Remainder of title SSC CGL Tier 1 & 2 English PYQ (2022-24)/
Statement of responsibility, etc Dharmendra Sir
260 ## - PUBLICATION, DISTRIBUTION, ETC. (IMPRINT)
Place of publication, distribution, etc Uttar Pradesh
Name of publisher, distributor, etc S. Chand Publishing
Date of publication, distribution, etc 2025
270 ## - ADDRESS
Address D-92, Sector-2, Noida
City Uttar Pradesh
Postal code 201301
Telephone number 61-120-4682700
300 ## - PHYSICAL DESCRIPTION
Extent 312p.
Dimensions 27cm(pb)
942 ## - ADDED ENTRY ELEMENTS (KOHA)
Source of classification or shelving scheme Dewey Decimal Classification
Item type English Books
Call number suffix DHA
Classification part 000
Holdings
Withdrawn status Lost status Not for loan Collection code Home library Current library Date acquired Source of acquisition Cost, normal purchase price Full call number Barcode Copy number Cost, replacement price Koha item type
      Non-fiction Central Library Central Library 26/09/2025 Delivery of Books Act Division 350.00 DHA 000 EN-130388 1 350.00 English Books
      Non-fiction D.B.Act.Division D.B.Act.Division 18/03/2026 Delivery of Books Act Division 350.00 DHA 000 EN-131449 1 350.00 English Books

© Delhi Public Library
Hit Counter
free hit counter